000 00796nam a2200265 a 4500
008
020 _a8180610632 (pbk.)
049 _aMAIN
090 _aRM301.28
_bMRC
245 1 0 _aMRCP 1 pocket book 4 :
_bclinical pharmacology, immunology, infectious diseases and rheumatology.
250 _a1st ed.
260 _aNew Delhi :
_bJaypee Brothers Medical Publishers,
_c2002.
300 _av, 122 p. :
_bill. ;
_c20 cm.
440 _aPASTEST series.
500 _aIncludes index.
650 _aInfectious diseases.
650 _aRheumatology.
650 _aImmunology.
650 1 _aClinical pharmacology.
907 _a.b10340038
_b26-03-14
_c18-03-14
003
005 20230123122048.0
040 _cNUST
942 _cBOOKS
_kRM301.28
_mMRC
999 _c127148
_d127148